Philadelphia Flyers Roster - Statistics

General Stats
  • This quiz has been taken 90 times
    9 since last reset
  • The average score is 18 of 27
Answer Stats
Position Number Answer % Correct
Goaltender 80 Dan Vladař
100%
Center 22 Christian Dvorak
86%
Right Wing 19 Garnet Hathaway
86%
Right Wing 74 Owen Tippett
86%
Defenseman 6 Travis Sanheim
86%
Center 46 Trevor Zegras
86%
Right Wing 10 Bobby Brink
71%
Defenseman 8 Cam York
71%
Center 52 Denver Barkey
71%
Defenseman 9 Jamie Drysdale
71%
Right Wing 39 Matvei Michkov
71%
Defenseman 24 Nick Seeler
71%
Left Wing 27 Noah Cates
71%
Defenseman 47 Noah Juulsen
71%
Center 14 Sean Couturier
71%
Right Wing 11 Travis Konecny
71%
Left Wing 20 Alex Bump
57%
Right Wing 91 Carl Grundström
57%
Center 41 Luke Glendening
57%
Left Wing 44 Nicolas Deslauriers
57%
Defenseman 55 Rasmus Ristolainen
57%
Goaltender 33 Samuel Ersson
57%
Right Wing 71 Tyson Foerster
57%
Defenseman 36 Emil Andrae
43%
Right Wing 29 Nikita Grebenkin
43%
Center 18 Rodrigo Abols
43%
Defenseman 5 Yegor Zamula
29%
No matching quizzes found
Score Distribution
Percent of People with Each Score
Percentile by Number Answered
Your Score History
You have not taken this quiz since the last reset